Photocondustive properties of silicone-based polymers (Record no. 64902)

MARC details
000 -LEADER
fixed length control field 00488nam a2200169Ia 4500
100 ## - MAIN ENTRY--AUTHOR NAME
Personal name Tani J I
245 #0 - TITLE STATEMENT
Title Photocondustive properties of silicone-based polymers
260 ## - PUBLICATION, DISTRIBUTION, ETC. (IMPRINT)
Name of publisher Proceedings of the International Rubber Conference, Kobe, Japan, 1995; p637-640
650 ## - SUBJECT ADDED ENTRY--TOPICAL TERM
Topical Term Silicon-based polymers
700 ## - ADDED ENTRY--PERSONAL NAME
Personal name Kakimoto M
700 ## - ADDED ENTRY--PERSONAL NAME
Personal name Kojima H
700 ## - ADDED ENTRY--PERSONAL NAME
Personal name Nishimura A
700 ## - ADDED ENTRY--PERSONAL NAME
Personal name Ueno H
700 ## - ADDED ENTRY--PERSONAL NAME
Personal name Yamaguchi Y
942 ## - ADDED ENTRY ELEMENTS (KOHA)
Koha item type Journals
Holdings
Withdrawn status Lost status Damaged status Not for loan Home library Current library Shelving location Date acquired Koha item type
      Journals RRII Library RRII Library Rubber chemistry 17/12/2021 Journals